| 000 | 00985nam a2200289Ia 4500 | ||
|---|---|---|---|
| 001 | G5312 | ||
| 003 | IT-RoPAU | ||
| 008 | 130308s9999 xx 000 0 und d | ||
| 040 | _aIT-RoPAU | ||
| 040 | _cIT-RoPAU | ||
| 041 | _aITALIANO | ||
| 100 | _aCimatti Felice | ||
| 100 | _gCodice Aut. SPICS: 53175 | ||
| 245 | _aPerchè i gatti hanno un passato ma non una storia (Nè progetti) | ||
| 245 | _bMemoria e I segni (La) | ||
| 250 | _a1a ed. | ||
| 260 | _aROMA | ||
| 260 | _bCarocci | ||
| 260 | _c2000 [1° Ed.:2000 - Ed.Ling.Originale:2000] | ||
| 300 | _a"19 p. (prefazione: no ; testo: 19 [pagine: 35-53])" | ||
| 500 | _aSulla relazione Fra Linguaggio, Tempo e Memoria. Felix Il Gatto: Essere senza Saperlo. I Tempi o Il Tempo della Mente? Leibniz contro Locke. Dai Tempi Alla Storia. futuro (E Passato) di Felix. Tempo Memoria e Linguaggio. | ||
| 650 | _aSAGGI DI LINGUISTICA | ||
| 650 | _eCodice materia Spics: 3207 | ||
| 942 | _cBK | ||
| 957 | _71 | ||
| 999 |
_c78049 _d78049 |
||
| 999 | _g1 | ||